LEADER 00935nam a2200229 i 4500 001 991002579949707536 008 040520s2003 it 000 0 ita d 035 $ab12944245-39ule_inst 040 $aDip.to Studi Giuridici$bita 082 0 $a330.07 100 1 $aMargiotta, Umberto$0126103 245 13$aLa formazione dell'insegnante /$cUmberto Margiotta...[etc.] 260 $aLecce :$bPensa MultiMedia,$c2003 300 $a267 p. $c24 cm 440 0$aFormazione & insegnamento : rivista ufficiale / SSIS Veneto, Scuola di specializzazione per l'insegnamento secondario ;$v1/2 650 4$aInsegnamento secondario 907 $a.b12944245$b21-09-06$c20-05-04 912 $a991002579949707536 945 $aLE027 330.07 MAR01.01$g1$i2027000056903$lle027$o-$pE15.00$q-$rl$s- $t0$u2$v0$w2$x0$y.i13530203$z20-05-04 996 $aFormazione dell'insegnante$9280710 997 $aUNISALENTO 998 $ale027$b20-05-04$cm$da $e-$fita$git $h0$i0 LEADER 01993nam0 22003491i 450 001 UON00221541 005 20231205103417.156 010 $a88-7284-776-1 100 $a20030730d2000 |0itac50 ba 101 $aita 102 $aIT 105 $a|||| ||||| 200 1 $aApi e cinghiali$eculture politiche dell'Europa Centrale: il caso ceco$fAlfredo Laudiero 210 $aSoveria Mannelli$cRubbettino$d2000 215 $a212 p.$d20 cm. 316 $aRubbettino fatt. n. 544/2000$5IT-UONSI EO DUOMOXIII/0393 BIS 316 $aRubbettino fatt. n. 544/2000$5IT-UONSI EO DUOMOXIII 316 $aRubbettino fatt. n. 544/2000$5IT-UONSI EO DUOMOXIII 606 $aCECOSLOVACCHIA$xPolitiche culturali$3UONC047168$2FI 620 $aIT$dSoveria Mannelli (CZ)$3UONL003308 676 $a943.7$cStoria Europa Centrale. Cecoslovacchia$v21 700 1$aLAUDIERO$bAlfredo$3UONV109579$0300364 712 $aRubbettino$3UONV250035$4650 801 $aIT$bSOL$c20240220$gRICA 912 $aUON00221541 950 $aSIBA - SISTEMA BIBLIOTECARIO DI ATENEO$dSI EO DUOMO XIII 0393 BIS $eSI EO 31830 7 0393 BIS Rubbettino fatt. n. 544/2000 950 $aSIBA - SISTEMA BIBLIOTECARIO DI ATENEO$dSI EO DUOMO XIII $eSI EO 31827 5 Rubbettino fatt. n. 544/2000 950 $aSIBA - SISTEMA BIBLIOTECARIO DI ATENEO$dSI EO DUOMO XIII 0392 $eSI EO 31828 5 0392 950 $aSIBA - SISTEMA BIBLIOTECARIO DI ATENEO$dSI EO DUOMO XIII 0393 $eSI EO 31829 5 0393 950 $aSIBA - SISTEMA BIBLIOTECARIO DI ATENEO$dSI EO DUOMO XIII $eSI EO 31831 5 Rubbettino fatt. n. 544/2000 996 $aApi e cinghiali$91267387 997 $aUNIOR